BUSINESS STATISTICS A FIRST COURSE (Record no. 35162)
[ view plain ]
| 000 -LEADER | |
|---|---|
| fixed length control field | 00258nam a2200109Ia 4500 |
| 008 - FIXED-LENGTH DATA ELEMENTS--GENERAL INFORMATION | |
| fixed length control field | 240625s9999 xx 000 0 und d |
| 041 ## - LANGUAGE CODE | |
| Language code of text/sound track or separate title | eng |
| 082 ## - DEWEY DECIMAL CLASSIFICATION NUMBER | |
| Classification number | 519.5 BER |
| 100 ## - MAIN ENTRY--PERSONAL NAME | |
| Personal name | BERENSON MARK L |
| 245 ## - TITLE STATEMENT | |
| Title | BUSINESS STATISTICS A FIRST COURSE |
| 260 ## - PUBLICATION, DISTRIBUTION, ETC. | |
| Date of publication, distribution, etc. | 2011 |
| Withdrawn status | Lost status | Damaged status | Not for loan | Home library | Current library | Shelving location | Date acquired | Full call number | Barcode | Date last seen | Price effective from | Koha item type |
|---|---|---|---|---|---|---|---|---|---|---|---|---|
| IMTN | IMTN | Rack 18-A | 03/29/2016 | 519.5 BER | CD2190 | 06/25/2024 | 06/25/2024 | CD |